[Event "Liptovsky Mikulas V4 U11 op"]
[Site "Liptovsky Mikulas"]
[Date "2017.06.22"]
[Round "2"]
[White "Szuperak, Filip Marko"]
[Black "Holestiakova, Lubana"]
[Result "1-0"]
[WhiteElo "1000"]
[BlackElo "1043"]
[PlyCount "155"]
[EventDate "2017.06.22"]
[EventType "swiss"]
[EventRounds "9"]
[EventCountry "SVK"]
[SourceTitle "CBM 179 Extra"]
[Source "ChessBase"]
[SourceDate "2017.08.23"]
[SourceVersion "1"]
[SourceVersionDate "2017.08.23"]
[SourceQuality "1"]

1. e4 e5 2. Nf3 Nc6 3. Nc3 Nf6 4. Bc4 Bb4 5. a3 Bxc3 6. bxc3 Nxe4 7. Bd3 Nf6 8. 0-0 d6 9. h3 h6 10. Bc4 0-0 11. d3 Bd7 12. Rb1 Rb8 13. Bxh6 gxh6 14. d4 Ne4 15. Qd3 Ng5 16. d5 Na5 17. h4 e4 18. Qe3 exf3 19. gxf3 Nxf3+ 20. Qxf3 Qxh4 21. Bd3 Rfe8 22. Rfe1 Re5 23. Rxe5 dxe5 24. Qe4 Qg5+ 25. Kh1 Re8 26. Qh7+ Kf8 27. Qh8+ Ke7 28. Qh7 Kd8 29. Rg1 Qh5+ 30. Kg2 c6 31. Rh1 Qg5+ 32. Kf1 Qc1+ 33. Kg2 cxd5 34. Rxc1 e4 35. Be2 Re5 36. Qg8+ Kc7 37. Qg7 Rg5+ 38. Qxg5 hxg5 39. Kg3 Nc6 40. Bg4 Bxg4 41. Kxg4 f6 42. Kf5 e3 43. fxe3 Ne7+ 44. Kxf6 Ng8+ 45. Kxg5 a6 46. Kf5 b6 47. a4 b5 48. axb5 a5 49. Ke5 Ne7 50. Ra1 Kb6 51. Ke6 Kxb5 52. Kxe7 a4 53. c4+ dxc4 54. Kd6 Kb4 55. Kd5 a3 56. Rxa3 Kxa3 57. Kxc4 Ka4 58. e4 Ka5 59. Kd5 Kb6 60. Kd6 Kb7 61. e5 Kc8 62. e6 Kd8 63. e7+ Kc8 64. e8Q+ Kb7 65. Qd7+ Kb6 66. Qc6+ Ka5 67. Kc7 Kb4 68. Qd5 Ka3 69. c3 Kb2 70. c4 Kb3 71. Qb5+ Ka2 72. Qb4 Ka1 73. Qd2 Kb1 74. Kb6 Ka1 75. Kb5 Kb1 76. Kb4 Ka1 77. Kb3 Kb1 78. Qb2# 1-0